| 000 | 00615nam a22002057a 4500 | ||
|---|---|---|---|
| 999 |
_c174080 _d174080 |
||
| 005 | 20201218143040.0 | ||
| 010 | _aENG-128070 | ||
| 020 |
_a9789389347180 _c795.00 |
||
| 035 | _aEN-111602 | ||
| 037 | _bDBAD/PUB | ||
| 082 | _a005.54 | ||
| 100 | _aWinston, Wayne L | ||
| 245 |
_aMicrosoft excel 2019: data analysis and business modeling/ _cby Wayne L. Winston, |
||
| 250 | _a6th. | ||
| 260 |
_aDelhi _bPHI Learning _c2019 |
||
| 270 |
_a111,Patparganj Industrial Estate _b Delhi _e110092 |
||
| 300 |
_axxvii;850p. _c24cm(pbk) |
||
| 500 | _aincludes index | ||
| 942 |
_2ddc _cEN _h005.54 _mWIN |
||